English grammar in use A Self - study reference and practice book for intermediate learners of English. With answers
Đã lưu trong:
| 主要作者: | |
|---|---|
| 格式: | 图书 |
| 语言: | English |
| 出版: |
New York
Cambridge University press
2017
|
| 版: | Fourth edition |
| 主题: | |
| 标签: |
添加标签
没有标签, 成为第一个标记此记录!
|
| Thư viện lưu trữ: | Trung tâm Học liệu Lê Vũ Hùng, Trường Đại học Đồng Tháp |
|---|
| LEADER | 00816pam a22002538a 4500 | ||
|---|---|---|---|
| 001 | 00042634 | ||
| 005 | 20191016161023.0 | ||
| 008 | 170516s2009 ||||||engsd | ||
| 020 | # | # | |a 9781108430425 |
| 041 | 0 | # | |a eng |
| 082 | 1 | 4 | |a 428 |b E204L |
| 100 | 1 | # | |a Murphy, Raymond |
| 245 | 1 | 0 | |a English grammar in use |b A Self - study reference and practice book for intermediate learners of English. With answers |c Raymond Murphy |
| 250 | # | # | |a Fourth edition |
| 260 | # | # | |a New York |b Cambridge University press |c 2017 |
| 300 | # | # | |a 380 tr. |c 29 cm |
| 653 | # | # | |a Ngôn ngữ |
| 653 | # | # | |a Ngữ pháp |
| 653 | # | # | |a Tiếng Anh |
| 653 | # | # | |a Tự học |
| 653 | # | # | |a Đáp án |
| 852 | # | # | |j KD.0024788 |
| 910 | # | # | |d 11/10/2018 |
| 980 | # | # | |a Trung tâm Học liệu Lê Vũ Hùng, Trường Đại học Đồng Tháp |


